Wszystkie przystanki w Sosnowcu - Statystyki

Ogólne statystyki
  • Ten quiz został rozwiązany 123 razy
  • Średni wynik to 45 z 183
Statystyki odpowiedzi
Odpowiedź % Poprawnych
Sosnowiec Dworzec PKP
72%
Sielec Park
63%
Zagórze Mec
62%
Pogoń Akademiki
60%
Zagórze Zajezdnia
57%
Pogoń Kościół
54%
Sielec Wawel
54%
Sosnowiec Egzotarium
54%
Pogoń Orla
53%
Sosnowiec Wspólna
53%
Środula Osiedle
53%
Zagórze Osiedle
53%
Pogoń Grota-Roweckiego
51%
Sielec Wawel Kościół
51%
Sosnowiec Rondo Ludwik
51%
Sosnowiec Urząd Miasta
51%
Niwka Kościół
49%
Rudna Gospodarcza I
49%
Osiedle Naftowa
47%
Rudna Gospodarcza II
47%
Rudna Stawowa
47%
Sosnowiec Estakada
47%
Pogoń Rybna
46%
Rudna Hallera
44%
Zagórze Droga do Klimontowa
44%
Zagórze Gwiezdna
44%
Sosnowiec Osiedle Piastów
43%
Sosnowiec Sobieskiego
43%
Zagórze Centrum
43%
Konstantynów Okrzei
41%
Pogoń Mariacka
41%
Sielec Osiedle Zamkowa
41%
Sosnowiec Aleja Zwycięstwa
41%
Kazimierz Górniczy Pętla
40%
Sielec Szkolna
40%
Środula Chemiczna
40%
Klimontów Basen
38%
Sosnowiec Sąd
38%
Zagórze Pekin
38%
Dańdówka Skrzyżowanie
37%
Niwka Fabryka
37%
Pogoń Klub Kiepury
37%
Sosnowiec Dęblińska
37%
Sosnowiec Kościelna
37%
Sosnowiec Ostrogórska
37%
Jęzor Centrum Handlowe
35%
Maczki Kościuszki
35%
Niwka Pawiak
35%
Sielec Kąpielisko
35%
Sielec Narutowicza
35%
Sosnowiec Jagiellońska
35%
Zagórze Piękna
35%
Kazimierz Górniczy Park
34%
Ostrowy Górnicze Pomnik
34%
Milowice Osiedle Kalety
32%
Pogoń Sucha
32%
Sosnowiec Sienkiewicza
32%
Milowice Pętla
31%
Osiedle Bór Pętla
31%
Osiedle Naftowa Pętla
31%
Sosnowiec Brynica
31%
Dańdówka Cmentarz
29%
Milowice Park Logistyczny
29%
Pogoń Aleja Mireckiego
29%
Sosnowiec Jagiellońska Kościół
29%
Sosnowiec Szpital Wojewódzki
29%
Zagórze Aleja Paderewskiego
29%
Zagórze Expo Silesia
29%
Dańdówka Osiedle
28%
Milowice Hala Sportowa
28%
Milowice Zakłady Mięsne
28%
Modrzejów Rynek
28%
Klimontów Fińskie Domki
26%
Porąbka Wiejska
26%
Środula K-D
26%
Stary Sosnowiec Odrodzenia
26%
Zagórze Lenartowicza
26%
Zagórze Mec Osiedle
26%
Zagórze Pętla
26%
Dańdówka Dworzec PKP
25%
Dańdówka KSSE
25%
Sosnowiec Aleja Mireckiego
25%
Sosnowiec Osiedle Wanda
25%
Sosnowiec Radocha
25%
Środula Wapienna
25%
Kazimierz Górniczy Kopalnia
24%
Pogoń Ciepła
24%
Zagórze Małe
24%
Dębowa Góra Tabelna
22%
Klimontów Hospicjum
22%
Niwka Watta
22%
Sielec Droga do Środuli
22%
Bobrek Inwestycyjna Pętla I
21%
Dębowa Góra Zakopiańska
21%
Konstantynów Fabryczna
21%
Niwka Baza
21%
Osiedle Naftowa Akacjowa
21%
Porąbka Dworzec PKP
21%
Sosnowiec Teatralna
21%
Sosnowiec Wysoka
21%
Środula Cmentarz
21%
Środula Północna
21%
Środula Prusa
21%
Zagórze Dmowskiego
21%
Zagórze Technikum
21%
Bobrek Inwestycyjna Pętla II
19%
Jęzor Jaworznicka
19%
Niwka Cmentarz Komunalny
19%
Środula Izba Wytrzeźwień
19%
Kazimierz Górniczy Poczta
18%
Niwka Kolonia Staszic
18%
Porąbka Osiedle Juliusz II
18%
Rudna Plonów
18%
Józefów Auchan
16%
Konstantynów Centrum Handlowe
16%
Milowice Most
16%
Sielec Kombajnistów
16%
Dańdówka Osiedle Kalinowa
15%
Józefów Makro
15%
Kolonia Cieśle
15%
Porąbka Kopalnia
15%
Sielec Jaskółek
15%
Środula Muzeum
15%
Zagórze Kosynierów
15%
Bobrek Innowacyjna
13%
Dańdówka Traugutta
13%
Dańdówka Wiadukt
13%
Dębowa Góra Ogródki Działkowe
13%
Dębowa Góra Wiadukt
13%
Maczki Krakowska
13%
Środula Estakada
13%
Stare Maczki Pętla
13%
Zagórze Kopalnia
13%
Bobrek Bronowa
12%
Dańdówka Jedności Szkoła
12%
Dańdówka Niwecka
12%
Osiedle Bór Bloki
12%
Środula Dolna
12%
Józefów Komuny Paryskiej
10%
Kazimierz Górniczy Armii Krajowej
10%
Maczki Spacerowa
10%
Milowice Podjazdowa
10%
Niwka Tuwima
10%
Osiedle Bór Długa I
10%
Sielec Klimontowska
10%
Środula Kolonia Zuzanna
10%
Dańdówka Klonowa
9%
Dańdówka Osiedle Kalinowa Kościół
9%
Dębowa Góra Kolonia Ludmiła
9%
Klimontów Kleeberga
9%
Klimontów Ogródki Działkowe
9%
Kolonia Cieśle Las
9%
Niwka Kopalniana
9%
Osiedle Bór Długa II
9%
Osiedle Bór Długa III
9%
Ostrowy Górnicze Kościół
9%
Porąbka Ośrodek Rekreacyjny
9%
Porąbka Zawodzie
9%
Dębowa Góra Niwecka
7%
Niwka Szybowa
7%
Ostrowy Górnicze Niecała
7%
Porąbka Łukasiewicza
7%
Bobrek Okulickiego
6%
Józefów Sokolska
6%
Maczki Skwerowa
6%
Porąbka Hurtownie
6%
Sosnowiec Zielona Dolina
6%
Dębowa Góra Lipowa
4%
Kolonia Wągródka
4%
Ostrowy Górnicze Juliuszowska
4%
Ostrowy Górnicze Kolonia Leśna
4%
Ostrowy Górnicze Rondo
4%
Sosnowiec Kosów
4%
Sosnowiec Radocha Naftowa
4%
Grabocin Kościuszkowców
3%
Grabocin Wopistów
3%
Kolonia Wągródka Las
3%
Ostrowy Górnicze Kolonia Feliks
3%
Stare Maczki Cmentarz
3%
Zagórze Długosza
3%
Bobrek Inwestycyjna Wiadukt
1%
Bobrek Logistyczna
1%
Ostrowy Górnicze Kolonia Leśna Sklep
1%
Nie znaleziono quizów pasujących do podanych kryteriów
Rozkład punktacji
Procent ludzi z każdym wynikiem
Percentyl według liczby udzielonych odpowiedzi
Twoja historia wyników
Nie rozwiązałeś tego quizu